Vplyv globalizačných a integračných procesov na ekonomický rast v Európe

Doterajšie dopady americkej finančnej krízy na svetovú ekonomiku vrátane EÚ. Úspešnosť resp. zlyhanie hospodárskej a menovej únie sa môže hodnotiť prostredníctvom vplyvu menovej únie na output a zamestnanosť. Existujú protichodné názory na to, či zavedenie eura a rigidné maastrichtské konvergenčné...

Ausführliche Beschreibung

Gespeichert in:
Bibliographische Detailangaben
1. Verfasser: Muchová, Eva, 1961-
Format: Buchkapitel
Sprache:Slowakisch
Schlagworte:
Tags: Tag hinzufügen
Keine Tags, Fügen Sie das erste Tag hinzu!

MARC

LEADER 00000nla$a2200000$$$4500
001 0083721
005 20240513074200.2
041 0 |a slo 
044 |a SK 
245 1 0 |a Vplyv globalizačných a integračných procesov na ekonomický rast v Európe  |c Eva Muchová 
520 |a Doterajšie dopady americkej finančnej krízy na svetovú ekonomiku vrátane EÚ. Úspešnosť resp. zlyhanie hospodárskej a menovej únie sa môže hodnotiť prostredníctvom vplyvu menovej únie na output a zamestnanosť. Existujú protichodné názory na to, či zavedenie eura a rigidné maastrichtské konvergenčné kritéria sú príčinou pomalého ekonomického rastu v eurozóne. Hodnotenie makroekonomickej výkonnosti členských krajín a ich komparácia s krajinami mimo eurozóny. Identifikácia niektorých faktorov ekonomického rastu v EÚ. 
610 2 0 |a rast hospodársky 
610 2 0 |a kurz menový 
610 2 0 |a globalizácia 
610 2 0 |a únie hospodárske 
610 2 0 |a únie menové 
610 2 0 |a integrácia 
100 1 |a Muchová, Eva, 1961-